[Event "Linares 16th"]
[Site "Linares"]
[Date "1999.02.21"]
[Round "1"]
[White "Adams, Michael"]
[Black "Leko, Peter"]
[Result "1-0"]
[WhiteElo "2715"]
[BlackElo "2690"]
[Annotator "Lukacs,P"]
[PlyCount "51"]
[EventDate "1999.02.21"]
[EventType "tourn"]
[EventRounds "14"]
[EventCountry "ESP"]
[EventCategory "20"]
[SourceTitle "CBM 070"]
[Source "ChessBase"]
[SourceDate "1999.06.08"]
[SourceVersion "1"]
[SourceVersionDate "1999.06.08"]
[SourceQuality "1"]

1. e4 {Ftacnik. McShane} c6 2. d4 d5 3. Nd2 dxe4 4. Nxe4 Bf5 5. Ng3 Bg6 6. h4
h6 7. Nf3 Nf6 8. Ne5 Bh7 9. Bd3 Bxd3 10. Qxd3 e6 11. Bd2 Nbd7 (11... Be7 12. f4
O-O {Black is waiting with Nbd7, because after the standard c6-c5 he has an
additional possibility as Nc6.} (12... Nbd7 {- 11...Nbd7}) 13. f5 c5 14. fxe6
fxe6 15. Ne2 $1 {as in many lines, this is a strong move again.} Nc6 {Here is
the explanation for delaying Nbd7.} 16. Nxc6 bxc6 17. O-O-O Qd5 $1 18. Nc3 {
(Baklan-Epishin, Germany 1998/99)} Qxd4 $1 19. Qa6 Rab8 20. Rhe1 Bd6 $3 21.
Rxe6 (21. Bxh6 Qxh4) 21... Bf4 $13 {Epishin}) 12. f4 {McShane: 'I can't
understand the attraction of a position like this for Black. He has less space,
and when his king goes to its natural kingside, the white attack will be nasty.
'} Be7 (12... c5 13. O-O-O cxd4 {can be answered by the annoying} 14. Ng6 $1
$44 {Adams} (14. Rhe1 {looks also logical, but misses the opportunity of an
immediate blow.} Nc5 15. Qb5+ Nfd7 16. Nxf7 $5 {This temporary positional
piece sacrifice gives White some compensation, but the consequences are
unclear.} (16. Ba5 Qxh4 17. Rxd4 (17. Nxd7 Qxf4+) 17... a6 $1 (17... Qxg3 18.
Rxd7 $18)) 16... Kxf7 17. f5 exf5 18. b4 Nf6 19. bxc5 Qd5 20. Bf4 Bxc5 21. Re5
Ba3+ 22. Kb1 Qxb5+ 23. Rxb5 b6 24. Rxf5 Rhe8 25. Bc1 Bd6 26. Rf3 Bxg3 27. Rxg3
Re4 28. Bb2 Rd8 (28... Rxh4 29. Bxd4 Rd8 30. Rxg7+ Kxg7 31. Bxf6+ Kxf6 $11 {
Stefansson-H.Olafsson, Politican zt 1998}))) (12... Bd6 $142 $1 {This is the
last word now in theory, see Anand-Ivanchuk, Linares 1999 CBM 70.}) 13. O-O-O
O-O (13... c5 14. Bc3 (14. Nxd7 {gives up the strong N post without any fight.}
Qxd7) (14. dxc5 $5 {goes for an interesting, sharp _|_, for example:} Nxe5 ({
both} 14... Nxc5 $2 15. Qb5+) ({and} 14... Bxc5 $6 15. Bc3 $16 {are clearly
worse for Black.}) 15. Qxd8+ (15. fxe5 Qxd3 16. cxd3 Ng4 $132) 15... Rxd8 16.
fxe5 Nd7 (16... Ng4 17. Ne4 $1 Nxe5 18. Bc3 $14) 17. b4 Nxe5 18. Bc3) 14... O-O
15. dxc5 Nxc5 16. Qf3 (16. Qe2 $142 {- 13...0-0}) 16... Qb6 17. Ng4 Qc6 18.
Nxf6+ Bxf6 19. Bxf6 gxf6 (19... Qxf3 20. gxf3 gxf6 21. Nh5 f5 22. b4 $1 Na6 (
22... Na4 23. Rd7) 23. Rhg1+ Kh8 24. a3 $14 {with an interesting, unusual P
structure somewhat favouring for White because of the P majority on the <<.})
20. Qxc6 (20. Nh5 $5 Qxf3 21. gxf3 {- 19...Qxf3}) 20... bxc6 21. Rd6 Rfc8 22.
f5 a5 23. Re1 Kf8 24. Rd4 {1/2:1/2 Baklan-Zontakh, Donetsk zt 1998}) 14. Qe2 (
14. Ne4 Nxe4 15. Qxe4 Nf6 {1/2:1/2 Luther-Kakhiani, Recklinghauser Schachtage
1998}) ({Here White plays for f5, but it is also possible to pave the way for
a g-pawn charge with} 14. Ne4 $5 {McShane}) 14... c5 15. dxc5 Nxc5 16. Bc3 Qc7
{Black has to play very carefully, because suddenly White's -> on the >> may
become lethal.} (16... Nd5 $6 17. Qf3 (17. Qg4 f5) 17... Qc7 18. Nh5 Rfc8 (
18... Nxc3 19. Qxc3 Rfc8 20. Qg3 g6 21. Nxg6 $18) 19. Qg4 Bf8 20. Rxd5 $1 exd5
21. Nf6+ Kh8 22. Qg6 $1 $18 {[#]}) 17. f5 {'!' Ftacnik.} exf5 $2 {After this
the other N comes into the battle with great effect. Ftacnik: 'Black is making
a reckless move. The prize for solving the problem with the pawn e6 is just
too high. '} (17... Nd5 18. Bd4 {The situation is not ripe for moves like} (18.
Rxd5 $6 exd5 19. Nh5 (19. Qg4 Bf6) 19... Ne4 20. Qg4 Bf6) ({or} 18. fxe6 $2
Nxc3 19. exf7+ Rxf7 20. bxc3 Na4 $1 {'-+!' Ftacnik.} 21. Nxf7 Ba3+ 22. Kd2 Qxg3
$19) 18... Rac8 {'=' Ftacnik.} 19. Kb1 $36) (17... Rad8 {Ftacnik} 18. fxe6 Nxe6
19. Nf5 Rxd1+ (19... Nd5 20. Ng6 Rfe8 21. Be5 Qb6 22. Ngxe7+ Nxe7 23. Rxd8 Qxd8
24. Nd6 $14) 20. Rxd1 $14) 18. Nxf5 {McShane: 'It is amazing how potent a
knight on f5 is for attacking a kingside castle. Coupled with a bishop on the
long diagonal it really softens up the black king.'} Rfe8 (18... Nfe4 19. Qg4
$18) ({Nice variations arise also after} 18... Nce4 19. Rd7 $1 Nxd7 (19... Nxc3
20. Nxe7+ Kh8 (20... Kh7 21. Qd3+ $1) 21. N5g6+ fxg6 22. Nxg6+ Kh7 23. Nxf8+
Kh8 24. Ng6+ Kh7 25. Rxc7 $18) 20. Nxe7+ Kh8 21. Qxe4 Nf6 22. Qe3 $18) 19. Qf3
{Now the white knights dominate the whole board.} Bf8 {Ftacnik: 'The defense
for black is virtually impossible, there are too many tactical threats. White
light pieces in the center are exerting exceptional pressure.'} (19... Ne6 20.
Ng4 $40) (19... Nce4 20. Rd7 $1 Nxd7 21. Nxh6+ $18 {'!' McShane.} (21. Nxh6+ $1
{McShane} Kh8 (21... gxh6 22. Qxf7+ Kh8 23. Ng6# {is double checkmate!}) (21...
Kh7 22. Qf5+ g6 23. Qxf7+ Kxh6 24. Qxg6#) 22. Nexf7+ Kh7 23. Qxe4+ g6 24. h5 $1
$18 {and Black's chances would not be found by an electron microscope.})) 20.
Nxh6+ $1 {Now White is ruining Black's >> completely. In this tough variation
of the Caro Kann one mistake can be decisive.} gxh6 21. Ng4 $1 {This is again
a nice move. Ftacnik: 'Leko have missed this simple move, black king is open
and lost due to the strength of the bishop c3. '} (21. Qxf6 {was certainly
also strong, but Black can escape to a bad R _|_.} Bg7 (21... Ne4 22. Rd7 $1
Nxf6 23. Rxc7 Nd5 24. Nd7 $1) 22. Rd7 Bxf6 (22... Nxd7 23. Qxf7+ $18) (22...
Qxd7 23. Qxg7+ Kxg7 24. Nxd7+ Kg8 25. Nxc5 $18) 23. Rxc7 Bxe5 24. Rxc5 $16)
21... Nxg4 (21... Nfe4 22. Nf6+ Nxf6 23. Qxf6 {- 21...Ng4}) 22. Qxg4+ Kh7 23.
Qf5+ Kg8 24. Qf6 {and the battery on the long /^ decides the battle.} Kh7 {
'[]' Ftacnik.} 25. Qh8+ (25. h5) 25... Kg6 26. h5+ {McShane: 'I like to see
players punished for playing to draw with Black.'} 1-0

[Event "Linares 16th"]
[Site "Linares"]
[Date "1999.02.25"]
[Round "4"]
[White "Ivanchuk, Vassily"]
[Black "Adams, Michael"]
[Result "0-1"]
[WhiteElo "2714"]
[BlackElo "2716"]
[Annotator "Golod,V"]
[PlyCount "79"]
[EventDate "1999.02.21"]
[EventType "tourn"]
[EventRounds "14"]
[EventCountry "ESP"]
[EventCategory "20"]
[SourceTitle "CBM 070"]
[Source "ChessBase"]
[SourceDate "1999.06.08"]
[SourceVersion "1"]
[SourceVersionDate "1999.06.08"]
[SourceQuality "1"]

1. d4 Nf6 2. c4 e6 3. Nc3 Bb4 4. Qc2 O-O 5. a3 Bxc3+ 6. Qxc3 b6 7. Bg5 Ba6 $5
8. e3 $5 {-is the main line,other options are:} (8. Nf3 $5) (8. Rc1 $5) (8. f3
$6 {-see comments to Golod,V-Dgebuadze,A/Hoogeveen,1998(1-0) (Golod,V)(52)}) ({
and} 8. Qf3 $5 {see comments to Dias,P-Miralles,G/Escaldes,1998/CBM 68(1/2-1/2)
(Rodriguez,Am)(18)}) 8... d6 $5 (8... h6) (8... d5) ({and} 8... c6 {-was
checked in the previous game.}) 9. Nf3 $5 {Desides,white has several options:}
(9. Bd3 $5 {[%cal Gg1e2] -is the main line.}) (9. f3) (9. Qc2) (9. b4) 9...
Nbd7 10. Nd2 $5 ({Also possibly:} 10. Bd3 $5) ({and} 10. b4 $5) 10... c5 $5 {
[%cal Ga8c8]} (10... h6 $143 11. Bh4 c5 12. dxc5 dxc5 13. f3 Bb7 14. g4 Qc7 15.
Bg3 e5 16. Rg1 Bc6 (16... Rfd8 $5 17. O-O-O b5 $1 $132) (16... Rad8 $6 17.
O-O-O $14) 17. O-O-O Rfe8 18. h4 Qb7 19. g5 Nh5 20. Bh3 $14 {1-0 Hillarp
Persson,T-Rozentalis,E/Koge 1997/EXT 98 (33)}) (10... Rc8 $5 {Tsesarsky} 11. b4
$6 (11. Qc2 $5 Bb7 12. f3 c5 13. dxc5 Rxc5 14. Bh4 d5 15. b4 Rc8 16. Qb2 Re8
17. Be2 e5 18. cxd5 Bxd5 19. O-O Nf8 20. Bb5 $14 {1-0 Kelecevic,N-Wirthensohn,
H/SWZ 1997/EXT 99 (38)}) (11. Bd3 $132) 11... c5 $15 {-see comments to
Pedersen,S-Lalic,B/London,1997/CBM62(0-1)(Tsesarsky)(35)} (11... h6 $143 12.
Bh4 Bb7 13. f3 e5 14. Bd3 exd4 15. Qxd4 Ne5 16. Be2 c5 17. Qb2 $14 {1-0
Kiriakov,P-Savon,V/Sochi 1997/EXT 99 (38)})) 11. dxc5 bxc5 {Is the best move!}
12. Bd3 h6 13. Bh4 Ne5 $6 $146 {[%csl Rh4][%cal Ge5g6]} (13... Bb7 $5 14. O-O
a5 15. Rad1 {+/=/=; 0-1 Ostenstad,B-Har Zvi,R/Eikram mem op, Gausdal NOR,1996
(40)}) 14. Bc2 $14 ({Slightly worse is:} 14. Be2 {(><h5)} Ng6 (14... Rb8 $6 15.
b4 $1 $14) 15. Bg3 e5 {+/=/=}) 14... Ng6 15. Bg3 ({Senseless:} 15. Bxf6 Qxf6
16. Qxf6 gxf6 17. Ne4 {[%csl Rd6,Rf6]} Bxc4 18. Nxd6 (18. b3 Bb5 19. Nxd6 Bc6
$11) 18... Bd5 $11) (15. Bxg6 $143 fxg6 16. e4 g5 17. Bg3 $13) 15... Nh5 $5 ({
Also can be recommended:} 15... Qb6 $5) 16. f3 {[%cal Gg3f2]} Nxg3 17. hxg3 f5
$1 {/\Qf6} ({Dubious:} 17... Rb8 {because of:} 18. g4 $36 {(><f5,h5)} (18. Bxg6
$143 fxg6 $13)) 18. O-O-O $5 {[%csl Rd6][%cal Yc1b2]} ({Worse is:} 18. g4 {
in view of:} Qf6 19. Qxf6 Rxf6 $11) 18... Qf6 ({After:} 18... Ne5 19. g4 $1 f4
(19... fxg4 20. f4 Nf7 (20... Nc6 $2 21. Ne4 $16) 21. Qd3 Re8 $8 22. Qh7+ Kf8
23. Bg6 $1 $36 {/\Ne4(קd6)}) 20. exf4 Rxf4 21. Qe3 {white has a strong
initiative on the centre and on the king side.}) 19. Qxf6 Rxf6 20. Nb3 $1 {
[%csl Rd6]} e5 $8 (20... Rd8 $2 21. Nxc5 Bxc4 22. Nb7 $16 {[%csl Rd6,Rd8]}) (
20... Bxc4 $2 21. Rxd6 $16 {[%csl Ra7,Gb3,Rc5,Gd6]}) 21. Na5 {White's plan is:
Rd2,Rhd1(קd6)} Rb8 ({Badly:} 21... Rc8 $2 22. Rd2 $140 Kf8 23. Rhd1 Ke7 {
[%csl Ye7] because of:} 24. Ba4 $1 $16 {/\Nc6}) (21... Kf7 $5 22. Rd2 $140 Rb8
23. Rhd1 Rb6 $14 {[%csl Yb6,Rd6,Yf6][%cal Yb6d6,Yf6d6]}) 22. e4 $1 f4 $6 ({
In my opinion it is obligatory:} 22... fxe4 23. Bxe4 (23. Nc6 $2 Rb6 24. Bxe4
Bxc4 25. Nxa7 Ne7 {=/=/+}) 23... Ne7 {and white has a slight positional
advantage.}) 23. g4 Rb6 $6 24. Rd2 Nf8 $6 (24... Nh8 $5 {/\Nf7(><d6)}) (24...
Ne7 $5 {><c6}) 25. Rhd1 Kf7 26. Ba4 $1 {with the idea Bc6 or Nc6} Ke7 $2 (26...
Ng6 $142 27. Kc2 {[%csl Yc4][%cal Gc2c3] /\Kc3;Bc6} (27. Nc6 $6 Bxc4 28. Rxd6
Rxd6 29. Rxd6 Be6 $14) 27... Ne7 28. Kc3 $14) 27. Nc6+ {[%csl Rd6]} Rxc6 $8 28.
Bxc6 Bxc4 29. Kc2 $16 {/\Kc3,b4(קa7)} a5 $8 30. Kc3 Bf7 31. b4 axb4+ 32. axb4
cxb4+ 33. Kxb4 {[%cal Gd1a1,Ga1a7]} Ne6 {[%cal Ge6d4]} (33... Nd7 $143 34. Ra1
Be6 35. Ra7 Rf8 36. Rc2 Rb8+ ({Loses right away:} 36... Rc8 $2 37. Bxd7 $1 Rxc2
38. Ba4+ {[%csl Rc2]}) 37. Bb5 {/\Ka5,Rcc7+-}) 34. Rxd6 Nd4 ({Badly:} 34... Nf8
$2 {in view of} 35. Rxf6 Kxf6 36. Bd5 $18) 35. Rd7+ Kf8 (35... Ke6 $2 36. Kc5
$18 {[%csl Re6]}) 36. Rd8+ $138 Ke7 37. Rd7+ Kf8 38. Ba4 $18 Rb6+ 39. Ka5 Rb8 (
{Senseless:} 39... Rb2 {in view of:} 40. Rc1 {[%csl Rf8]} Rb8 41. Ra7 $18) 40.
Ra7 {Ivanchuk lost on time in the absolutely winning position.} 0-1

[Event "Dos Hermanas 10th"]
[Site "Dos Hermanas"]
[Date "1999.04.06"]
[Round "1"]
[White "Adams, Michael"]
[Black "Svidler, Peter"]
[Result "1-0"]
[WhiteElo "2716"]
[BlackElo "2713"]
[Annotator "Atlas,V"]
[PlyCount "65"]
[EventDate "1999.04.06"]
[EventType "tourn"]
[EventRounds "9"]
[EventCountry "ESP"]
[EventCategory "19"]
[SourceTitle "CBM 071"]
[Source "ChessBase"]
[SourceDate "1999.08.01"]
[SourceVersion "1"]
[SourceVersionDate "1999.08.01"]
[SourceQuality "1"]

1. e4 {Ftacnik} c5 2. Nf3 d6 3. d4 cxd4 4. Nxd4 Nf6 5. Nc3 a6 6. Be3 e5 7. Nb3
Be6 8. f3 Nbd7 9. g4 b5 10. g5 b4 11. Ne2 $1 $146 {[%cal Ge2g3,Gg3h5,Gg3f5]
[%mdl 12] Ftacnik: 'An ambitious attempt to keep the position more complicated
than after the standard 11.Nd5. '} ({This novelty is an important alternative
to the standard continuation} 11. Nd5 {, which was tested in the strongest
tournaments this year:} Nxd5 12. exd5 Bf5 13. Bd3 Bxd3 14. Qxd3 Be7 15. Rg1 (
15. h4 O-O 16. O-O-O a5 17. Nd2 f5 18. gxf6 Nxf6 19. h5 Qc8 20. h6 g6 21. Rhg1
Kh8 22. f4 Ng4 {1/2-1/2 Shirov,A-Svidler,P/Wijk aan Zee 1999/CBM 69_07 (41)})
15... O-O 16. O-O-O a5 17. Nd2 f5 18. gxf6 Nxf6 19. Kb1 Nh5 20. Rg4 Qd7 21. Rc4
Qf5 22. Qxf5 Rxf5 23. Rc7 Bf8 24. Rb7 Nf6 25. Rb5 Ne8 26. Rb7 Nf6 27. Rb5 Ne8
28. Rb7 Nf6 {1/2-1/2 Leko,P-Kasparov,G/Linares 1999/CBM 70_07 (28) Avoiding
exchanges, White strives towards rapid development completion, intending to
place his knight on g3, from where he can access h5- and f5-squares.}) 11...
Nh5 12. Qd2 Be7 13. Ng3 Nf4 (13... Nxg3 {Ftacnik} 14. hxg3 a5 15. Bb5 $14) 14.
h4 (14. Bxf4 {Ftacnik} exf4 15. Qxf4 Bxg5 16. Qxd6 Be7 $14) 14... h6 (14... O-O
{Ftacnik} 15. Qxb4 d5 16. Qd2 $16) 15. Bxf4 $1 (15. Nd4 {Ftacnik} hxg5 16. Nxe6
fxe6 17. hxg5 Rxh1 18. Nxh1 Qc7 $11) (15. gxh6 $2 {Ftacnik} Bxh4 $1 16. Bxf4
exf4 17. Qxf4 Rxh6 18. Bg2 Bxb3 19. axb3 g5 20. Qg4 Nf6 21. Qh3 Nh5 $19) 15...
exf4 16. Nh5 $1 {Ftacnik: 'White has given up the important dark squared
bishop, so he needs a good compensation for it. '} (16. Qxf4 $6 {Ftacnik} hxg5
17. hxg5 Rxh1 18. Nxh1 Ne5 $15) 16... Bxb3 (16... hxg5 {yileds White a very
dangerous attack:} 17. hxg5 (17. Nxg7+ Kf8 18. Nxe6+ fxe6 19. Nd4 $36) 17...
Bxg5 18. O-O-O (18. Nxg7+ Ke7) 18... O-O 19. Qh2 g6 (19... f6 20. Nxg7 $1 $18)
20. Nf6+ Kg7 $8 21. Nxd7 Qxd7 22. Qh7+ Kf6 23. e5+ $1 Kxe5 24. Qg7+ f6 (24...
Bf6 25. Re1+ Kf5 26. Bd3+ Kg5 27. Qh6#) 25. Bc4 $1 Qxg7 (25... d5 26. Qxd7 Bxd7
27. Rxd5+ Ke6 28. Re1+ Kf7 29. Rxd7#) 26. Rhe1+ Kf5 27. Bxe6#) (16... g6 {
Ftacnik} 17. Ng7+ Kf8 18. Nxe6+ fxe6 19. Nd4 Nc5 20. Nc6 Qe8 21. Qxf4+ $16) 17.
axb3 g6 18. Nxf4 hxg5 19. Nd5 Rxh4 (19... gxh4 {was more stubborn, although
after} 20. O-O-O {White has excellent attacking prospects.}) (19... Ne5 {
Ftacnik} 20. Be2 Rxh4 21. Rxh4 gxh4 22. Qxb4 $14) 20. Rxh4 gxh4 21. O-O-O {
Ftacnik: 'Black seems to be doing good with elimination of most white's
attacking pieces. Unfortunatelly for him the king will be hard presses to find
a safe heaven and opposite coloured bishops are strong weappon for the
attacker. '} (21. Qxb4 {Ftacnik} a5 22. Qa4 Kf8 $14) 21... Nf6 (21... Bg5 {
falls short} {after} 22. f4) 22. Bc4 {'!' Ftacnik.} (22. Nxe7 {Ftacnik} Qxe7
23. Qxb4 Rd8 24. Bxa6 Qe5 $14) 22... Nxd5 23. Qxd5 {[%csl Rd6,Rf7][%cal Gc4f7,
Gd1d8,Ge4e5,Ge5d6,Ge5e6]} Bg5+ 24. Kb1 Ra7 {'[]' Ftacnik.} 25. e5 $1 {
Undertaking impressive march of the e-pawn, which crowns White's attack.
Ftacnik: 'Adams has higher ambitions than eliminating into inferior ending
with 25.Qxd6.'} Kf8 (25... dxe5 {loses after} 26. Qxe5+ Qe7 27. Qb8+ {'+-'
Ftacnik.}) (25... Qa8 {Ftacnik} 26. Qd4 $16) 26. e6 $1 Bf6 (26... fxe6 {
fails to} 27. Qxe6 Kg7 28. Rxd6 Qf6 (28... Qe7 29. Qxg6+ Kh8 30. Qg8#) 29. Qg8+
) 27. exf7 Qe7 28. f4 Qxf7 (28... Kg7 {Ftacnik} 29. Qg2 d5 30. Bxd5 $18) (28...
Rd7 {Ftacnik} 29. Rg1 $18) 29. Qxd6+ Qe7 30. Qb8+ Kg7 31. Rg1 {[%csl Rg6,Rg7,
Rg8][%cal Gc4g8,Gb8g8,Gc4d3,Gd3g6,Gg1g6] Black is defenseless against manifold
threats of the perfectly interacting white pieces.} Kh6 32. Bd3 Rd7 33. Qg8 {
[%mdl 1]} (33. Qg8 Qf7 34. Rxg6+ Kh5 35. Be2#) 1-0

[Event "Sarajevo Bosnia 30th"]
[Site "Sarajevo"]
[Date "2000.05.25"]
[Round "8"]
[White "Topalov, Veselin"]
[Black "Adams, Michael"]
[Result "0-1"]
[WhiteElo "2702"]
[BlackElo "2715"]
[Annotator "Ftacnik,L"]
[PlyCount "84"]
[EventDate "2000.05.17"]
[EventType "tourn"]
[EventRounds "11"]
[EventCountry "BIH"]
[EventCategory "19"]
[SourceTitle "CBM 077"]
[Source "ChessBase"]
[SourceDate "2000.07.27"]
[SourceVersion "1"]
[SourceVersionDate "2000.07.27"]
[SourceQuality "1"]

1. e4 e5 2. Nf3 Nc6 3. Bb5 a6 4. Ba4 Nf6 5. O-O Be7 6. Re1 b5 7. Bb3 O-O 8. c3
d5 9. exd5 Nxd5 10. Nxe5 Nxe5 11. Rxe5 c6 12. d4 Bd6 13. Re1 Qh4 14. g3 Qh3 15.
Re4 g5 16. Qf3 Bf5 17. Bc2 Bxe4 18. Bxe4 Qe6 19. Bxg5 f5 20. Bxd5 $6 {White
wrongly gives up his bishop and his compensation for the exchanges diminishes.
The experiences white players have made with 20.Bd3 are rather encouraging.} (
20. Bd3 h6 $1 21. Bd2 Ra7 {~/= /\ Rg7, f4 Nunn}) 20... cxd5 21. Nd2 f4 22. Bxf4
(22. gxf4 h6 23. Bh4 Rxf4 $15) 22... Bxf4 23. gxf4 Ra7 24. Kh1 Re7 $1 (24...
Rg7 25. Rg1 Rxg1+ 26. Kxg1 $13) (24... Raf7 $6 25. Rg1+ Kh8 26. Qe3 $14) 25.
Rg1+ (25. Nb3 Kh8 26. Nc5 Qe2 27. Qxd5 Rg8 $1 $19) 25... Kh8 26. Nf1 Qe4 {
[%mdl 4096] The endgame is better for Adams, the rook is much stronger than
the knight and three rather scathered pawns.} 27. Kg2 (27. Qxe4 Rxe4 28. Rg4
Re2 29. b4 Rxf2 30. Ne3 R8xf4 (30... Re8 31. Nxd5 Re1+ 32. Rg1 Ree2 33. Rg3
Rxa2 $17) 31. Rxf4 Rxf4 32. Kg2 Re4 33. Nxd5 Re2+ 34. Kg3 Rxa2 $17) 27... Qxf3+
28. Kxf3 Re1 29. Rh1 (29. Kg2 Rb1 30. b4 Rc1 31. Kf3 Rc8 $17) 29... Re4 30. Nd2
(30. Ne3 Rexf4+ 31. Kg3 Rxf2 32. Nxd5 R8f3+ 33. Kg4 h5+ 34. Kh4 Rxb2 $19) 30...
Rexf4+ 31. Ke3 Rxf2 32. a4 Rg2 $1 {White has lost two pawns, but his problems
are far from over.} (32... bxa4 33. Ra1 Rxh2 34. Rxa4 Rf6 35. Ra5 $17) 33. axb5
axb5 34. b3 (34. h4 h5 $19) 34... Rff2 35. Nf3 Rb2 36. b4 Rgc2 37. Kd3 Rf2 38.
Ke3 Rbe2+ 39. Kd3 Ra2 40. Ke3 Rae2+ 41. Kd3 Re4 42. Ne5 Rfe2 $1 0-1

[Event "Dortmund SuperGM"]
[Site "Dortmund"]
[Date "2000.07.07"]
[Round "1"]
[White "Adams, Michael"]
[Black "Piket, Jeroen"]
[Result "1-0"]
[WhiteElo "2755"]
[BlackElo "2649"]
[PlyCount "74"]
[EventDate "2000.07.07"]
[EventType "tourn"]
[EventRounds "9"]
[EventCountry "GER"]
[EventCategory "17"]
[SourceTitle "CBM 078"]
[Source "ChessBase"]
[SourceDate "2000.10.18"]
[SourceVersion "1"]
[SourceVersionDate "2000.10.18"]
[SourceQuality "1"]

1. e4 e5 2. Nf3 Nf6 3. Nxe5 d6 4. Nf3 Nxe4 5. d4 d5 6. Bd3 Nc6 7. O-O Bg4 8. c4
Nf6 9. cxd5 Bxf3 10. Qxf3 Qxd5 11. Qxd5 Nxd5 12. Nc3 O-O-O 13. Bc4 Nce7 14. Bd2
g6 15. Rfe1 Bg7 16. Bg5 Rd7 17. Bxe7 Nxe7 18. Bxf7 Kb8 19. Re2 Nc8 20. Bb3 Rxd4
21. g3 a5 22. Rae1 Nd6 23. Kg2 b5 24. a3 Rf8 25. Nd5 Bh6 26. f4 c5 27. Re6 Rd8
28. Ne7 Kc7 29. Bd5 Bf8 30. Bf3 Rd2+ 31. R6e2 Rxe2+ 32. Rxe2 Bxe7 33. Rxe7+ Rd7
34. Re5 Kb6 35. Rd5 Rd8 36. g4 c4 37. Kf2 Nf7 1-0